000 00848nam a2200253Ia 4500
003 OSt
005 20220923220218.0
006 a|||||r|||| 00| 0
007 ta
008 220922b |||||||| |||| 00| 0 hin d
024 _a185,104
037 _cTextual
040 _aARTS
_cARTS
_bhin
041 _2hin
_ahin
082 _aO152,1Q224):g, M7
100 _aगुलाटी, मदन
_9156278
245 0 _aहिन्दी राम काव्य
_b विविध आयाम
246 _aHindī rām kāvya: vividh āyāma
260 _aदिल्ली
_b जनप्रिय प्रकाशन
_c1987
300 _a124 पृ.
_ccm.
650 _aहिन्दी साहित्य
_9156264
942 _hO152,1Q224):g, M7
_cTEXL
_2CC
999 _c338350
_d338350